000 00428nam a2200181Ia 4500
001 13810
005 20260306164828.0
008 260306t1996||||xx |||||||||||||| ||spa||
041 _aESP
082 _a005.3
_bM28
100 _aThe Math Works Inc.
_eAUT
245 0 _aMatlab:
_bedición de estudiante
260 _c1996
300 _a820 páginas :
_c23 cm.
650 _aGEN
654 _aCCC
942 _cLIB
_dJUS
_fJUS
_2ddc
_n
999 _c13810
_d13810